000 05460cas a2200997 a 4500
001 11369126
003 OSt
005 20230606145337.0
008 890405c19889999nyuar s i0 0eng c
010 _a 90640045
016 7 _a9302017
_2DNLM
016 7 _aSR0068676
_zSR0072812
_2DNLM
016 _a(AMICUS)000010007366
022 _a1013-3453
_l1013-3453
_20
035 _a(OCoLC)ocm19498070
040 _aPSC
_beng
_cPSC
_dDLC
_dNYG
_dNST
_dDLC
_dNST
_dNLM
_dHUL
_dSYS
_dOCLCQ
_dEEM
_dNLGGC
_dOCLCQ
_dNYDRD
_dCUS
_dCUV
_dOCLCQ
_dORU
_dOCLCF
_dCUV
_dIUL
_dOCLCQ
_dOCLCO
_dNLC
_dOCLCA
_dOCLCQ
_dOCLCA
_dAU@
_dOCLCQ
_dJ9U
_dOCLCQ
041 0 _aeng
_afre
_aspa
042 _apcc
050 0 0 _aHV5800
_b.N29
060 0 0 _aW2 MU5
_bI2n
082 0 0 _a613.33
_bNCB
130 0 _aNarcotic drugs (New York, N.Y. : 1988)
210 1 _aNarc. drugs, Estim. world requir., Stat.
222 0 _aNarcotic drugs. Estimated world requirements for ... Statistics for ...
245 1 0 _aNarcotic drugs :
_bestimated world requirements for ..., statistics for ... /
_cInternational Narcotics Control Board, Vienna = Stupéfiants : évaluations des besoins du monde pour ..., statistiques pour ... / Organe international de contrôle des stupéfiants, Vienne.
246 3 1 _aStupéfiants - Évaluations des besoins du monde pour ..., statistiques pour ...
246 3 1 _aEstupefacientes - Previsiones de las necesidades mundiales para ..., estadísticas para ...
260 _aNew York :
_bUnited Nations,
_c2010
300 _avolumes :
_billustrations ;
_c30 cm
310 _aAnnual
336 _atext
_btxt
_2rdacontent
337 _aunmediated
_bn
_2rdamedia
338 _avolume
_bnc
_2rdacarrier
362 0 _aNov. 1988-
500 _a"E/INCB."
500 _aThe volume published in 1988 does not contain the annual study on trends in the illicit movement of drugs.
500 _aIssues carry also United Nations publication sales numbers.
515 _aReports contain estimated world requirements for the year following date of publication and statistics for the year prior to date of publication.
525 _aAccompanied by monthly supplements, 1988-1999; by quarterly supplement, 2000- ; some issues accompanied by CD-ROMs containing annexes.
530 _aAlso issued online.
546 _aText in English, French, and Spanish.
580 _aSupplements: International Narcotics Control Board. Report of the International Narcotics Control Board for ...
580 _aFormed by the union of: Estimated world requirements of narcotic drugs in ... (1978), and: Statistics on narcotic drugs for ... furnished by governments in accordance with the international treaties and maximum levels of opium stocks, and: Comparative statement of estimates and statistics on narcotics for ... furnished by governments in accordance with the international treaties.
588 _aLatest issue consulted: 2006.
590 _aSERBIB/SERLOC merged record
650 0 _aNarcotics
_vStatistics
_vPeriodicals.
650 0 _aDrug control
_vStatistics
_vPeriodicals.
650 0 _aPharmaceutical industry
_vStatistics
_vPeriodicals.
650 0 _aPharmaceutical policy
_vStatistics
_vPeriodicals.
650 0 _aDrug traffic
_vStatistics
_vPeriodicals.
650 2 _aDrug and Narcotic Control.
650 2 _aNarcotics.
650 7 _aDrug control.
_2fast
_0(OCoLC)fst01032891
650 7 _aDrug traffic.
_2fast
_0(OCoLC)fst00898722
650 7 _aNarcotics.
_2fast
_0(OCoLC)fst01032860
650 7 _aPharmaceutical industry.
_2fast
_0(OCoLC)fst01060129
650 7 _aPharmaceutical policy.
_2fast
_0(OCoLC)fst01060194
650 1 7 _aDrugs.
_2gtt
650 1 7 _aDrugsgebruik.
_2gtt
650 7 _aNarcotics
_2nli
650 7 _aDRUG REQUIREMENTS.
_2unbist
650 7 _aDRUG STATISTICS.
_2unbist
650 7 _aSTATISTICAL DATA.
_2unbist
650 7 _aNARCOTIC DRUGS.
_2unbist
655 2 _aStatistics.
655 7 _aPeriodicals.
_2fast
_0(OCoLC)fst01411641
655 7 _aStatistics.
_2fast
_0(OCoLC)fst01423727
710 2 _aInternational Narcotics Control Board.
740 0 2 _aSupplement ... to Narcotic Drugs.
740 0 2 _aSupplément ... a Stupéfiants.
740 0 2 _aSuplemento ... a Estupefacientes.
740 0 2 _aNarcotic Drugs quarterly supplement ...
740 0 2 _aStupéfiants supplément trimestriel ...
740 0 2 _aEstupefacientes suplemento trimestral ...
776 1 _tNarcotic drugs (New York, N.Y. : 1988 : Online)
_w(DLC) 2005267513
_w(OCoLC)56403964
776 0 8 _iOnline version:
_tNarcotic drugs (New York, N.Y. : 1988)
_w(OCoLC)934861046
780 1 4 _tStatistics on narcotic drugs for ... furnished by governments in accordance with the international treaties and maximum levels of opium stocks
_x0566-7658
_w(DLC) 86643473
_w(OCoLC)1753649
780 1 4 _tComparative statement of estimates and statistics on narcotic drugs for ... furnished by governments in accordance with the international treaties
_x0255-9374
_w(DLC) 72183514
_w(OCoLC)1783746
780 1 4 _tEstimated world requirements of narcotic drugs in ... (1978)
_x0082-8335
_w(DLC) 86643413
_w(OCoLC)5050168
787 1 _aInternational Narcotics Control Board.
_tReport of the International Narcotics Control Board for .
_x0257-3717
_w(DLC) 77612794
_w(OCoLC)1182700
906 _a7
_bcbc
_cserials
_d2
_encip
_f19
_gn-oclcserc
942 _2ddc
_cBK
999 _c701
_d701